Hymenoptera-aculeata : Formicidae-Apidae-Vespoidae /

Hlavní autor: Kratochvíl, Josef, 1909-1992
Další autoři: Šnoflák, Jan, 1891-1954, Novák, Vladimír J. A., 1919-1997
Jazyk: Čeština
Vydáno: V Brně : Svaz na ochranu přírody a domoviny na Moravě, 1944
Vydání: Vyd. 1.
Edice: Archiv Svazu na ochranu přírody a domoviny na Moravě
Mohelno. Soubor statí věnovaných studiu významné památky přírodní
Fyzický popis: 155-[I] s. : [I] příl. ; 4°
Language note: Německé resumé
Knihy
Uloženo v:
LEADER 01558nam a22003492a 4500
001 000817900
003 CZ BrMZK
005 20090410145142.0
007 ta
008 060526s1944 xr a er 000 0 cze d
040 |a ABA001  |b cze  |c ABA001  |d ABA001  |d BOA001 
041 0 |a cze  |b ger 
100 1 |a Kratochvíl, Josef,  |d 1909-1992  |7 jk01062981  |4 aut 
245 1 0 |a Hymenoptera-aculeata :  |b Formicidae-Apidae-Vespoidae /  |c Josef Kratochvíl, Vl. Novák a Jan Šnoflák 
246 3 0 |a Formicidae-Apidae-Vespoidae 
250 |a Vyd. 1. 
260 |a V Brně :  |b Svaz na ochranu přírody a domoviny na Moravě,  |c 1944  |e (Vyškov :  |f Fr. Kusák) 
300 |a 155-[I] s. :  |b [I] příl. ;  |c 4° 
490 1 |a Archiv Svazu na ochranu přírody a domoviny na Moravě ;  |v sv. 6 
490 1 |a Mohelno. Soubor statí věnovaných studiu významné památky přírodní ;  |v část 5 
500 |a Kresby příslušných autorů 
500 |a S četnými obrazy v textu a 3 mapami 
546 |a Německé resumé 
700 1 |a Šnoflák, Jan,  |d 1891-1954  |7 jk01130671  |4 aut 
700 1 |a Novák, Vladimír J. A.,  |d 1919-1997  |7 jk01090556  |4 aut 
830 0 |a Archiv Svazu na ochranu přírody a domoviny na Moravě 
830 0 |a Mohelno.  |p Soubor statí věnovaných studiu významné památky přírodní 
910 |a BOA001  |b 4-0137.306,5 
990 |a BK 
991 |b 200605 
996 7 |b 2619218227  |c 4-0137.306,5  |l MZK  |r Sklad / do 24 hodin  |n 0  |w 000817900  |u 000010  |a 1  |e BOA001  |j MZK50  |s A 
996 6 |b BC-314957  |c 4-0137.306,5  |l MZK  |r Sklad / do 24 hodin  |n 0  |w 000817900  |u 000020  |a 1  |e BOA001  |j MZK50  |s P